Fundamentos de la sucesión de leyes en el derecho penal español : (Record no. 147540)

MARC details
000 -LEADER
fixed length control field 00715cam a2200205 4500
008 - FIXED-LENGTH DATA ELEMENTS--GENERAL INFORMATION
fixed length control field 081107s2004 sp 000 0 spa u
020 ## - INTERNATIONAL STANDARD BOOK NUMBER
International Standard Book Number 847698717
050 04 - LIBRARY OF CONGRESS CALL NUMBER
Classification number KKT4048
Item number F75 2004
100 1# - MAIN ENTRY--PERSONAL NAME
Personal name Frígols I Brines, Eliseu
245 10 - TITLE STATEMENT
Title Fundamentos de la sucesión de leyes en el derecho penal español :
Remainder of title existencia y aplicabilidad temporal de las normas penales /
Statement of responsibility, etc Eliseu Frígols I Brines.
250 ## - EDITION STATEMENT
Edition statement 1a ed.
260 ## - PUBLICATION, DISTRIBUTION, ETC. (IMPRINT)
Place of publication, distribution, etc España :
Name of publisher, distributor, etc J. M. Bosch, Editor,
Date of publication, distribution, etc 2004
300 ## - PHYSICAL DESCRIPTION
Extent 635 páginas ;
Dimensions 24 cm.
440 #0 - SERIES STATEMENT/ADDED ENTRY--TITLE
Title Biblioteca de Derecho Penal.
504 ## - BIBLIOGRAPHY, ETC. NOTE
Bibliography, etc Bibliografía : páginas 595-628
504 ## - BIBLIOGRAPHY, ETC. NOTE
Bibliography, etc Incluye índice
506 ## - RESTRICTIONS ON ACCESS NOTE
Terms governing access Pifi 2006
650 #4 - SUBJECT ADDED ENTRY--TOPICAL TERM
Topical term or geographic name as entry element Derecho penal
Geographic subdivision España
942 ## - ADDED ENTRY ELEMENTS (KOHA)
Source of classification or shelving scheme Biblioteca del Cogreso de los Estados Unidos
Koha item type Libro
Holdings
Estado de pérdida Fuente de clasificación Estado del daño No para préstamo Ubicación permanente Ubicación actual Apartado o colección Fecha de adquisición Edición Dependencia de educación superior (DES) Área del conocimiento Total Checkouts Clasificación Código de Barras Date last seen Número de copia Costo por reposición Tipo de recurso
  Biblioteca del Cogreso de los Estados Unidos     Biblioteca de la Facultad de Derecho y Ciencias Sociales "Felipe J. Tena" Biblioteca de la Facultad de Derecho y Ciencias Sociales "Felipe J. Tena" General 07/06/2022 1a ed. Derecho Ciencias Sociales y Administrativas   KKT4048 F75 2004 BFD000013203 07/06/2022 1 1.00 Libro